000 00416pab a2200157 454500
008 180718b2001 xxu||||| |||| 00| 0 eng d
100 _aAkimov, Alexander V.
245 _aRussia's agricultural strategy: need for institutional transformation
260 _c2001
300 _ap.74-91
362 _aJul-Sep
650 _aAgriculture - Russia
650 _aAgriculture
773 _aWorld Affairs
909 _a50567
999 _c50567
_d50567